000 00348pab a2200145 454500
008 180718b2003 xxu||||| |||| 00| 0 eng d
100 _aAhmed, A.K.N.
245 _aFinancial crises and regulatory deficiency
260 _c2003
300 _ap.11-18.
362 _a8 Nov
650 _aEconomic recession
773 _aMainstream
909 _a58480
999 _c58480
_d58480